Zákon o starobnom dôchodkovom sporení

Znenie zákona č. 43/2004 Z.z. o starobnom dôchodkovom sporení a o zmene a doplnení niektorých zákonov v znení zákona č. 186/2004 Z.z. a zákona č. 439/2004 Z.z. Zákon účinný od 1.1. 2005 je II tzv. kapitalizačným pilierom dôchodkovej reformy na Slovensku. Cieľom zavedenia starobného dôchodkového spo...

Descrizione completa

Salvato in:
Dettagli Bibliografici
Autore principale: Hvojník, Igor
Natura: Capitolo di libro
Lingua:slovacco
Soggetti:
Tags: Aggiungi Tag
Nessun Tag, puoi essere il primo ad aggiungerne!!

MARC

LEADER 00000naa$a2200000$$$4500
001 0018340
005 20231003110448.3
041 0 |a slo 
044 |a SK 
245 1 0 |a Zákon o starobnom dôchodkovom sporení  |c Igor Hvojník 
520 |a Znenie zákona č. 43/2004 Z.z. o starobnom dôchodkovom sporení a o zmene a doplnení niektorých zákonov v znení zákona č. 186/2004 Z.z. a zákona č. 439/2004 Z.z. Zákon účinný od 1.1. 2005 je II tzv. kapitalizačným pilierom dôchodkovej reformy na Slovensku. Cieľom zavedenia starobného dôchodkového sporenia je zlepšiť príjmovú situáciu poberateľov starobných dôchodkov a zmeniť spôsob financovania dôchodkov. 
610 2 0 |a zákony 
610 2 0 |a komentáre 
610 2 0 |a dôchodky starobné 
610 2 0 |a dôchodcovia 
610 2 0 |a poistenie sociálne 
610 2 0 |a Slovensko 
100 1 |a Hvojník, Igor